| 000 | 00362pam a2200157a 44500 | ||
|---|---|---|---|
| 008 | 230515b1992 xxu||||| |||| 00| 0 eng d | ||
| 020 | _aNULL | ||
| 041 | _aENG | ||
| 082 | _a612 | ||
| 100 | _aDr. C. C. chatterjee | ||
| 245 | _aHuman Physiology V-1 | ||
| 250 | _a0 | ||
| 260 |
_aNULL _b"Medical Ailled Agency, nd, " _c1992 |
||
| 300 | _a759 | ||
| 650 | _aN.D. | ||
| 999 |
_c520200 _d520200 |
||